| 000 | 00624nam a2200217 a 4500 | ||
|---|---|---|---|
| 005 | 20210223120805.0 | ||
| 008 | 991125s1988 bar 000 0 spa u | ||
| 020 | _a8474232341 | ||
| 035 | _aUPN01000007196 | ||
| 049 | _aCG | ||
| 050 | 4 |
_aBT13608 _bL3.38 1988 |
|
| 100 | 1 | _aLabal, Paul | |
| 245 | 1 | 4 |
_aLos cátaros : _bherejía y crisis social / _cPaul Labal ; tr. Octavi Pellissa. |
| 260 |
_aBarcelona, Esp. : _bCrítica : _bGrijalbo, _c1988. |
||
| 300 | _a237 p. | ||
| 440 | 0 |
_aGeneral ; _v129 |
|
| 650 | 4 |
_aCATAROS _96505 |
|
| 650 | 4 |
_aIGLESIA - _xHISTORIA - _xEDAD MEDIA |
|
| 650 | 4 | _aSECTAS MEDIEVALES | |
| 905 | _aLibro | ||
| 999 |
_c7196 _d7196 |
||